Le opinion Selon Aristote
Salvato in:
| Autore principale: | |
|---|---|
| Natura: | Libro |
| Lingua: | francese |
| Pubblicazione: |
París
Librairie Philosophique J. Vrin
1935
|
| Serie: | Publications de l'Institut d'Etudes Médiévales d'Ottawa
|
| Soggetti: | |
| Tags: |
Aggiungi Tag
Nessun Tag, puoi essere il primo ad aggiungerne!!
|
MARC
| LEADER | 00000nam a2200000 a 4500 | ||
|---|---|---|---|
| 001 | UCY6413 | ||
| 003 | CL-VaPUC | ||
| 008 | 950526e19350000FR |||||||||||||||||fre|d | ||
| 082 | 0 | 4 | |a 185 |b REG |2 21 |
| 100 | 0 | |a Régis, L. M |e author |9 336327 | |
| 245 | 1 | 3 | |a Le opinion Selon Aristote |
| 300 | |a 284 p | ||
| 942 | |c BK | ||
| 945 | |d 19950526 00:00:00 |a oaravena | ||
| 260 | |a París |b Librairie Philosophique J. Vrin |c 1935 | ||
| 600 | 0 | 7 | |a SELON |2 CL-VaPUC |9 336328 |
| 600 | 0 | |a Aristóteles, |d 384 a.C.- 322 a.C. |9 194 | |
| 650 | 0 | |a Filosofía |9 223554 | |
| 650 | 0 | |a Filosofía antigua |9 255705 | |
| 650 | 7 | |a OPINION |2 CL-VaPUC |9 336329 | |
| 650 | 0 | |a Actitud |9 258129 | |
| 650 | 0 | |a Filosofía del espíritu |9 320175 | |
| 651 | 0 | |a Grecia |9 265314 | |
| 583 | |a last modification |c 19950526 00:00:00 |k Rodrigo Vera | ||
| 490 | 0 | |a Publications de l'Institut d'Etudes Médiévales d'Ottawa | |
| 999 | |c 233978 |d 233976 | ||
| 952 | |0 0 |1 0 |4 0 |6 185_000000000000000_REG_1935 |7 0 |8 P |9 239875 |a BIBEDU |b BIBEDU |c BIBEDU_PB |d 2019-11-18 |i 1509586 |o 185 REG 1935 |p 1509586 |r 2024-01-25 |w 2019-11-18 |y BK |k FIL | ||